Materials on the situation of biodiversity in Germany / (Registro nro. 454)

Detalles MARC
000 -CABECERA
Campo de control 00892nam a2200241 a 4500
005 - FECHA Y HORA DE LA ULTIMA TRANSACCION
Campo de control 20171117090450.0
008 - ELEMENTOS DE LONGITUD FIJA—INFORMACION GENERAL
Campo de control 140220b1995 gw abd||r|||| 00| 0 eng d
020 ## - ISBN
ISBN 3896246011
040 ## - FUENTE DE CATALOGACIÓN
Agencia catalogadora original CO-BoIAVH
Agencia transcriptora CO-BoIAVH
041 0# - IDIOMA
Código de idioma para texto/pista de sonido o título separado Inglés
044 ## - PAÍS DE PUBLICACIÓN
País de publicación Alemania
082 04 - NUMERO DE CLASIFICACION DECIMAL DEWEY
Número de clasificación 333.95
Número del ítem M42b
245 00 - MENCION DE TITULO
Título Materials on the situation of biodiversity in Germany /
Mención de responsabilidad editado por Schafer, Hans Jurgen
260 ## - PUBLICACION, DISTRIBUCION, ETC. (PIE DE IMPRENTA)
Lugar de publicación, distribución, etc. Bonn (Alemania) :
Nombre del editor, distribuidor, etc. Federal Agency for Nature Conservation,
Fecha de publicación, distribución, etc. 1995.
300 ## - DESCRIPCION FISICA
Extensión 128 páginas :
Otros detalles físicos ilustraciones a color, tablas y gráficas ;
Dimensiones 30 x 21 cm.
650 26 - ASIENTO SECUNDARIO DE MATERIA - TERMINO TEMATICO
Término temático o nombre geográfico como elemento de entrada Biodiversidad
Subdivisión general Vigilancia
Subdivisión geográfica Alemania
9 (RLIN) 86991
650 26 - ASIENTO SECUNDARIO DE MATERIA - TERMINO TEMATICO
Término temático o nombre geográfico como elemento de entrada Ecología
Subdivisión geográfica Alemania
9 (RLIN) 86992
650 26 - ASIENTO SECUNDARIO DE MATERIA - TERMINO TEMATICO
Término temático o nombre geográfico como elemento de entrada Conservación de la diversidad biológica
Subdivisión geográfica Alemania
9 (RLIN) 86993
650 26 - ASIENTO SECUNDARIO DE MATERIA - TERMINO TEMATICO
Término temático o nombre geográfico como elemento de entrada Biodiversidad
Subdivisión general planes de acción
Subdivisión geográfica Alemania
9 (RLIN) 86994
662 ## - ASIENTO SECUNDARIO DE MATERIA - JERARQUIA DEL NOMBRE DE LUGAR(
País o entidad mayor Alemania
700 1# - ASIENTO SECUNDARIO - NOMBRE PERSONAL
Nombre personal Schafer, Hans Jurgen
Término de relación editor
9 (RLIN) 7831
942 ## - ELEMENTOS ADICIONALES (KOHA)
Tipo de ítem Libro
Sistema de clasificación Dewey Decimal Classification
Existencias
Withdrawn status Lost status Sistema de Clasificación Damaged status No para préstamo Colección Inventariado Ubicación Permanente Ubicación actual Fecha de adquisición Fuente de Valor Valor Total Checkouts Número topográfico Inventario / Código de Barras Date last seen Ejemplar Price effective from Forma de adquisición Tipo de material
    Dewey Decimal Classification     General Inventariado 2017 Sala Fabio Quevedo Sala Fabio Quevedo 29/11/2000 Instituto 39000.00   LB-333.95 M42b 000621 04/12/2012 Ej. 1 04/12/2012 Donación Libro